<?xml version="1.0" encoding="UTF-8"?>
<record
    xmlns:xsi="http://www.w3.org/2001/XMLSchema-instance"
    xsi:schemaLocation="http://www.loc.gov/MARC21/slim http://www.loc.gov/standards/marcxml/schema/MARC21slim.xsd"
    xmlns="http://www.loc.gov/MARC21/slim">

  <leader>00756nam a22002057a 4500</leader>
  <controlfield tag="005">20241205162312.0</controlfield>
  <controlfield tag="008">241205b           ||||| |||| 00| 0 eng d</controlfield>
  <datafield tag="020" ind1=" " ind2=" ">
    <subfield code="a">9789391155759</subfield>
  </datafield>
  <datafield tag="040" ind1=" " ind2=" ">
    <subfield code="c">AL</subfield>
  </datafield>
  <datafield tag="041" ind1=" " ind2=" ">
    <subfield code="a">kan</subfield>
  </datafield>
  <datafield tag="082" ind1=" " ind2=" ">
    <subfield code="2">23</subfield>
    <subfield code="a">320K</subfield>
    <subfield code="b">PANR</subfield>
  </datafield>
  <datafield tag="100" ind1=" " ind2=" ">
    <subfield code="a">Davis Panadan: &#xCA1;&#xCC7;&#xCB5;&#xCBF;&#xCB8;&#xCCD; &#xCAA;&#xCA8;&#xCBE;&#xCA1;&#xCA8;&#xCCD;  </subfield>
    <subfield code="9">188032</subfield>
  </datafield>
  <datafield tag="245" ind1=" " ind2=" ">
    <subfield code="a">Rajakiya Vijnana Siddhanta Mattu Chintane: </subfield>
    <subfield code="b">&#xCB0;&#xCBE;&#xC9C;&#xC95;&#xCC0;&#xCAF; &#xCB5;&#xCBF;&#xC9C;&#xCCD;&#xC9E;&#xCBE;&#xCA8; &#xCB8;&#xCBF;&#xCA6;&#xCCD;&#xCA7;&#xCBE;&#xC82;&#xCA4; &#xCAE;&#xCA4;&#xCCD;&#xCA4;&#xCC1; &#xC9A;&#xCBF;&#xC82;&#xCA4;&#xCA8;&#xCC6; </subfield>
  </datafield>
  <datafield tag="260" ind1=" " ind2=" ">
    <subfield code="a">Bengaluru</subfield>
    <subfield code="b">MPP House</subfield>
    <subfield code="c">2024</subfield>
  </datafield>
  <datafield tag="300" ind1=" " ind2=" ">
    <subfield code="a">521p.</subfield>
    <subfield code="b">PB</subfield>
    <subfield code="c">23x15cm.</subfield>
  </datafield>
  <datafield tag="365" ind1=" " ind2=" ">
    <subfield code="2">Law</subfield>
    <subfield code="a">1060</subfield>
    <subfield code="b">434.35</subfield>
    <subfield code="c">&#x20B9;</subfield>
    <subfield code="d">595.00</subfield>
    <subfield code="e">27%</subfield>
    <subfield code="f">28-11-2024</subfield>
  </datafield>
  <datafield tag="650" ind1=" " ind2=" ">
    <subfield code="a">Law</subfield>
    <subfield code="9">188030</subfield>
  </datafield>
  <datafield tag="700" ind1=" " ind2=" ">
    <subfield code="a">PANADAN (Davis);&#xCAA;&#xCA8;&#xCBE;&#xCA1;&#xCA8;&#xCCD; (&#xCA1;&#xCC7;&#xCB5;&#xCBF;&#xCB8;&#xCCD;)</subfield>
    <subfield code="9">188031</subfield>
  </datafield>
  <datafield tag="942" ind1=" " ind2=" ">
    <subfield code="2">ddc</subfield>
    <subfield code="c">BK</subfield>
  </datafield>
  <datafield tag="999" ind1=" " ind2=" ">
    <subfield code="c">232140</subfield>
    <subfield code="d">232140</subfield>
  </datafield>
  <datafield tag="952" ind1=" " ind2=" ">
    <subfield code="0">0</subfield>
    <subfield code="1">0</subfield>
    <subfield code="2">ddc</subfield>
    <subfield code="4">0</subfield>
    <subfield code="7">0</subfield>
    <subfield code="8">Law</subfield>
    <subfield code="a">LL</subfield>
    <subfield code="b">LL</subfield>
    <subfield code="d">2024-12-04</subfield>
    <subfield code="e">MPP House Law Books Publishers Bengaluru-560009</subfield>
    <subfield code="g">434.35</subfield>
    <subfield code="l">0</subfield>
    <subfield code="o">320K PANR</subfield>
    <subfield code="p">LL000492</subfield>
    <subfield code="r">2024-12-05 00:00:00</subfield>
    <subfield code="v">595.00</subfield>
    <subfield code="w">2024-12-05</subfield>
    <subfield code="y">BK</subfield>
  </datafield>
  <datafield tag="952" ind1=" " ind2=" ">
    <subfield code="0">0</subfield>
    <subfield code="1">0</subfield>
    <subfield code="2">ddc</subfield>
    <subfield code="4">0</subfield>
    <subfield code="7">0</subfield>
    <subfield code="8">Law</subfield>
    <subfield code="a">LL</subfield>
    <subfield code="b">LL</subfield>
    <subfield code="d">2024-12-04</subfield>
    <subfield code="e">MPP House Law Books Publishers Bengaluru-560009</subfield>
    <subfield code="g">434.35</subfield>
    <subfield code="l">0</subfield>
    <subfield code="o">320K PANR</subfield>
    <subfield code="p">LL000493</subfield>
    <subfield code="r">2024-12-05 00:00:00</subfield>
    <subfield code="v">595.00</subfield>
    <subfield code="w">2024-12-05</subfield>
    <subfield code="y">BK</subfield>
  </datafield>
  <datafield tag="952" ind1=" " ind2=" ">
    <subfield code="0">0</subfield>
    <subfield code="1">0</subfield>
    <subfield code="2">ddc</subfield>
    <subfield code="4">0</subfield>
    <subfield code="7">0</subfield>
    <subfield code="8">Law</subfield>
    <subfield code="a">LL</subfield>
    <subfield code="b">LL</subfield>
    <subfield code="d">2024-12-04</subfield>
    <subfield code="e">MPP House Law Books Publishers Bengaluru-560009</subfield>
    <subfield code="g">434.35</subfield>
    <subfield code="l">0</subfield>
    <subfield code="o">320K PANR</subfield>
    <subfield code="p">LL000494</subfield>
    <subfield code="r">2024-12-05 00:00:00</subfield>
    <subfield code="v">595.00</subfield>
    <subfield code="w">2024-12-05</subfield>
    <subfield code="y">BK</subfield>
  </datafield>
  <datafield tag="952" ind1=" " ind2=" ">
    <subfield code="0">0</subfield>
    <subfield code="1">0</subfield>
    <subfield code="2">ddc</subfield>
    <subfield code="4">0</subfield>
    <subfield code="7">0</subfield>
    <subfield code="8">Law</subfield>
    <subfield code="a">LL</subfield>
    <subfield code="b">LL</subfield>
    <subfield code="d">2024-12-04</subfield>
    <subfield code="e">MPP House Law Books Publishers Bengaluru-560009</subfield>
    <subfield code="g">434.35</subfield>
    <subfield code="l">0</subfield>
    <subfield code="o">320K PANR</subfield>
    <subfield code="p">LL000495</subfield>
    <subfield code="r">2024-12-05 00:00:00</subfield>
    <subfield code="v">595.00</subfield>
    <subfield code="w">2024-12-05</subfield>
    <subfield code="y">BK</subfield>
  </datafield>
  <datafield tag="952" ind1=" " ind2=" ">
    <subfield code="0">0</subfield>
    <subfield code="1">0</subfield>
    <subfield code="2">ddc</subfield>
    <subfield code="4">0</subfield>
    <subfield code="7">0</subfield>
    <subfield code="8">Law</subfield>
    <subfield code="a">LL</subfield>
    <subfield code="b">LL</subfield>
    <subfield code="d">2024-12-04</subfield>
    <subfield code="e">MPP House Law Books Publishers Bengaluru-560009</subfield>
    <subfield code="g">434.35</subfield>
    <subfield code="l">0</subfield>
    <subfield code="o">320K PANR</subfield>
    <subfield code="p">LL000496</subfield>
    <subfield code="r">2024-12-05 00:00:00</subfield>
    <subfield code="v">595.00</subfield>
    <subfield code="w">2024-12-05</subfield>
    <subfield code="y">BK</subfield>
  </datafield>
</record>
